<?xml version="1.0" encoding="UTF-8"?>
<collection xmlns="http://www.loc.gov/MARC21/slim">
 <record>
  <leader>00428pamaa2200145   4500</leader>
  <controlfield tag="001">0000027550</controlfield>
  <controlfield tag="005">20100208090000.0</controlfield>
  <datafield tag="020" ind1="0" ind2="0">
   <subfield code="a">1565272560 </subfield>
  </datafield>
  <datafield tag="082" ind1=" " ind2=" ">
   <subfield code="a">005.369 SWA</subfield>
  </datafield>
  <datafield tag="090" ind1="0" ind2="0">
   <subfield code="a">QA76.76.M52 </subfield>
   <subfield code="b">SWA 1994</subfield>
  </datafield>
  <datafield tag="100" ind1="1" ind2="0">
   <subfield code="a">Swanson </subfield>
  </datafield>
  <datafield tag="245" ind1="1" ind2="0">
   <subfield code="a">Microsoft word 6.0 for windows : </subfield>
   <subfield code="b">illustrated  </subfield>
   <subfield code="c">Marie L. Swanson.</subfield>
  </datafield>
  <datafield tag="260" ind1="0" ind2="0">
   <subfield code="a">Cambridge: </subfield>
   <subfield code="b">Course Technology, </subfield>
   <subfield code="c">1994.</subfield>
  </datafield>
  <datafield tag="300" ind1=" " ind2=" ">
   <subfield code="a">xvi, 176p.: </subfield>
   <subfield code="b">col.ill.; </subfield>
   <subfield code="c">28.</subfield>
  </datafield>
  <datafield tag="650" ind1="0" ind2="0">
   <subfield code="a">Microsoft Word for Windows </subfield>
  </datafield>
 </record>
</collection>
